Population biology
Salvato in:
| Autori principali: | , |
|---|---|
| Natura: | Libro |
| Lingua: | inglese |
| Pubblicazione: |
Berlín
Springer-Verlag
1983
|
| Serie: | Lecture Notes in Biomathematics, 52
|
| Soggetti: | |
| Tags: |
Aggiungi Tag
Nessun Tag, puoi essere il primo ad aggiungerne!!
|
MARC
| LEADER | 00000nam a2200000 a 4500 | ||
|---|---|---|---|
| 001 | UCS0934 | ||
| 003 | CL-VaPUC | ||
| 005 | 20230112074248.0 | ||
| 008 | 970428e19830000gw 1 eng d | ||
| 082 | 0 | 4 | |a 570.15195 |b FRE |2 21 |
| 100 | 1 | |a Freedman, H. I |e author |9 618389 | |
| 700 | 1 | |a Strobeck, C |e author |9 618390 | |
| 245 | 1 | 0 | |a Population biology |
| 260 | |a Berlín |b Springer-Verlag |c 1983 | ||
| 300 | |a 440 p | ||
| 490 | 0 | |a Lecture Notes in Biomathematics, 52 | |
| 583 | |a last modification |c 19970428 00:00:00 |k Rodrigo Vera | ||
| 650 | 0 | 7 | |a BIOMATEMATICAS |2 CL-VaPUC |9 260148 |
| 650 | 0 | 7 | |a POBLACION BIOLOGICA |2 CL-VaPUC |9 379901 |
| 650 | 0 | 0 | |a Genética |9 259443 |
| 650 | 0 | 0 | |a Evolución |9 259442 |
| 650 | 0 | 7 | |a CRECIMIENTO DE LA POBLACION |2 CL-VaPUC |9 618391 |
| 650 | 0 | 0 | |a Comunidades |9 337024 |
| 650 | 0 | 0 | |a Administración de recursos |9 335387 |
| 650 | 0 | 0 | |a Epidemiología |9 271159 |
| 650 | 0 | 0 | |a Inmunología |9 329894 |
| 650 | 0 | 0 | |a Congresos |9 257560 |
| 942 | |c BK | ||
| 945 | |a rleighto |d 19970428 00:00:00 | ||
| 546 | |a En Inglés | ||
| 518 | |p Proceedings of the International Conference held at the University of Albatra, Edmonton, Canada, June 22-30, 1982 | ||
| 999 | |c 382930 |d 382928 | ||